Estatísticas para Os 15 principais países com mortes por Covid19 - 10 de maio

Clique aqui para jogar o quiz

Estatísticas Gerais

  • Esse quiz foi jogado 5 vezes
  • A pontuação média é 18 de 21

Estatísticas das Respostas

país% Correto
Bélgica
100%
Brasil
100%
Canadá
100%
China
100%
Espanha
100%
Estados Unidos
100%
França
100%
Itália
100%
Portugal
100%
Reino Unido
100%
Suécia
100%
Suécia
100%
Alemanha
80%
Países Baixos
80%
Suíça
80%
Dinamarca
60%
Irão
60%
Irlanda
60%
México
60%
Turquia
60%
Equador
20%

Distribuição das Pontuações

Percentil de Números Respondidos

Porcentagem de Pessoas com Cada Pontuação

Sua Pontuação Histórica

Você não jogou esse quiz